000 00437nmm a2200157Ia 4500
008 251105s9999||||xx |||||||||||||||||und||
020 _a9788498383898
041 _aspa
100 _aSchirach, Ferdinand von
245 0 _aCrímenes
264 _a[Madrid, España] :
_bEdiciones Salamandra,
_c2011
300 _a192 páginas
650 _aThriller & Suspense
856 _uhttps://public.digitaliapublishing.com/a/48397
942 _cCF
999 _c91702
_d91702